=LDR 00000nam 2200000 4500 =001 INLIS000000000007658 =005 20230131080933 =035 ##$$a 0010-061300000007658 =008 230131###########################0###### =041 ##$$a Ind =082 ##$$a 150.1 =090 ##$$a 150.1, Kus h =100 ##$$a Kuswara, E =245 1#$$a Psikologi eksistensial : $b Suatu pengantar /$c E. Koeswara =260 ##$$a Bandung :$b PT. Eresco Bandung,$c 1987 =300 ##$$a 137 hlm ; $c 21 cm =650 #4$$a Psikologi =850 ##$$a NBPNMAT =084 ##$$a 150.1 KUS p =990 ##$$a 68.233/Pro.94 =990 ##$$a 68234 =990 ##$$a 68.233/Pro.94 =990 ##$$a 68234